01005nas a2200241Ia 4500001001100000003000900011008004100020040001300061040001300074041001300087100003800100210002100138222002100159245009500180250001100275260003600286501008600322300001000408310001200418362003300430500026400463650003600727R022/43043IT-RoPAU151124c99999999xx |||||||||||| ||und|| aIT-RoPAU cIT-RoPAU aITALIANO aAA.VV. gCodice Aut. SPICS: 12000 aINFORMAZIONI MCS aInformazioni Mcs aINFORMAZIONI MCS, ANNO 22-N.06 (LUGLIO 1979)bInformazioni Mcs, Anno 22-N.06 (Luglio 1979) a1a ed. aVICENZAbINFORMAZIONI MCSc1979 bPaulus - SPICS - Società San Paolo EM (non-commercial uses only)cCopyright2015 a32 p. aMENSILE aANNO 022, N.06 (LUGLIO 1979) aUn Teatro per le Nostre Comunità. Schede Critiche dei Film: i 39 Scalini,Caro Papà, Ashanti, California Suite, il Segreto di Agatha Christie, i Ragazzi Venuti Dal Brasile, Obiettivo Brass, Gioco Sleale, Contro 4 Bandiere,Stridulum, il Testimone, un Uomo i aCINEMAvPUBBLICAZIONE PERIODICA